| 000 | 01077nam a22003377a 4500 | ||
|---|---|---|---|
| 003 | CHAP | ||
| 005 | 20220329143749.0 | ||
| 008 | 110726s2004 cu a r 00010 spa d | ||
| 010 | _a101610 | ||
| 011 | _a102582 | ||
| 020 | _a9592587663 | ||
| 035 | _a113271 | ||
| 040 | _cCHAP | ||
| 082 | 0 | 4 |
_a546 _bG96 |
| 100 | 1 |
_aGuridi, Fernando _951543 |
|
| 245 | 1 | 0 |
_aManual de química inorgánica y analítica _c/por Fernando Guridi, Lourdes Jiménez y Daysi Pérez |
| 260 |
_aLa Habana : _bFélix Varela, _c2004 |
||
| 300 |
_a387 p. : _bilus. |
||
| 590 |
_aBATCH-UPD _b10 _c20130110 _lUCH01 _h1545 |
||
| 590 |
_aBATCH-UPD _b10 _c20130410 _lUCH01 _h0945 |
||
| 590 |
_aBATCH-UPD _b10 _c20130914 _lUCH01 _h1256 |
||
| 590 |
_aCONVERSION _b10 _c20130109 _lUCH01 _h1356 |
||
| 650 | 1 | 4 |
_aElementos químicos. _936261 |
| 650 | 1 | 4 |
_aQuímica analítica. _993582 |
| 650 | 1 | 4 |
_aQuímica inorgánica. _993593 |
| 700 | 1 |
_aJiménez Lourdes. _961576 |
|
| 700 | 1 |
_aPérez Daysi. _989596 |
|
| 901 | _aBK | ||
| 942 | _cLIBRO | ||
| 949 |
_a546 G96 _bBC _cLIBRO _d33724002245520 _eLIBRO _h115351 _i113271 _sb |
||
| 999 |
_c101610 _d101610 |
||